01759cam a22003854i 4500003000900000005001700009008004100026035002000067040003300087100003600120245036100156264001000517300004000527336002100567337002500588338002300613502005900636504002400695520048800719526001001207526001001217526000901227526000901236526000901245526000901254526000901263526000901272526000901281526000801290526000801298526000801306526000801314526000801322650004301330PE-LiUPU20250731165409.0151019s2013 pe a grm 000 0 spa d a(Sirsi) a154926 aPE-LiUPUbspacPE-LiUPUerda1 aCabrera Abanto, Marilúeautor1 aPerfil del paciente con tuberculosis pulmonar relacionado con su percepción sobre el apoyo emocional que recibe de su grupo familiar y del profesional de enfermería, pertenecientes a la Estrategia Sanitaria Nacional de Prevención y Control de la Tuberculosis del Centro de Salud Madre Teresa de Calcuta - el Agustino, 2012 /cMarilú Cabrera Abanto. 0c2013. a108 hojas : bilustraciones;c29 cm atext2rdacontent aunmediated2rdamedia avolume2rdacarrier aTesisb(Lic.) -- cUniversidad Peruana Unión,d2013. aIncluye referencias3 aTrabajo de investigación no experimental, de tipo descriptivo correlacional, con enfoque cuantitativo. La muestra estuvo conformada por 50 pacientes activos pertenecientes a la ESN-PCT. Se utilizó el muestreo no probabilístico por conveniencia, se aplicó el instrumento cumpliendo los criterios de inclusión y exclusión. El instrumento de recolección fue un cuestionario de 36 ítems, dividido en 6 dimensiones. Los datos fueron levantados a través de la entrevista. aSEG44 aSEG26 aP151 aP150 aP149 aP146 aP145 aP126 aP125 aP92 aP75 aP74 aP27 aP1504aTuberculososxAspectos psicológicos.